Bioetica e antropologia medica (Record no. 214816)
[ view plain ]
| 000 -LEADER | |
|---|---|
| fixed length control field | 00880nam a2200205Ia 4500 |
| 001 - CONTROL NUMBER | |
| control field | b2636-24060 [2881] |
| 003 - CONTROL NUMBER IDENTIFIER | |
| control field | IT-MiCISF |
| 008 - FIXED-LENGTH DATA ELEMENTS--GENERAL INFORMATION | |
| fixed length control field | 161014s9999||||xx |||||||||||||| ||und|| |
| 040 ## - CATALOGING SOURCE | |
| Original cataloging agency | IT-MiCISF |
| Transcribing agency | IT-MiCISF |
| 041 ## - LANGUAGE CODE | |
| Language code of text/sound track or separate title | it |
| 999 ## - SYSTEM CONTROL NUMBERS (KOHA) | |
| Koha Dewey Subclass [OBSOLETE] | si |
| 100 ## - MAIN ENTRY--PERSONAL NAME | |
| Personal name | Spinsanti Sandro (a cura di) |
| 245 #0 - TITLE STATEMENT | |
| Title | Bioetica e antropologia medica |
| 250 ## - EDITION STATEMENT | |
| Edition statement | 1a ed. |
| 260 ## - PUBLICATION, DISTRIBUTION, ETC. (IMPRINT) | |
| Place of publication, distribution, etc. | Roma |
| Name of publisher, distributor, etc. | NIS |
| Date of publication, distribution, etc. | 1991 |
| 300 ## - PHYSICAL DESCRIPTION | |
| Extent | pp. 256 |
| 500 ## - GENERAL NOTE | |
| General note | Spinsanti S., Bianco I., Gallini C., Miccinesi G., Mieli G., Pela I., Gracia Guillen D., Guerra G., Fazzari C., Lampronti V., Lombardi Vallauri L., Barni M., Chiodi V., Malliani A., Mondella F., Boeri R., Benvenuti P. / bioetica, formazione, malattia, cura, rapporti-operatori-utenti, aborto, procreazione-artificiale, transessualità, anziani, maternità, paternità, morte, malato-terminale / |
| 650 ## - SUBJECT ADDED ENTRY--TOPICAL TERM | |
| Topical term or geographic name as entry element | bioetica |
| 942 ## - ADDED ENTRY ELEMENTS (KOHA) | |
| Koha item type | LIBRO |
| 957 ## - | |
| -- | 1 |
| 999 ## - SYSTEM CONTROL NUMBERS (KOHA) | |
| -- | 1 |
| Withdrawn status | Lost status | Damaged status | Not for loan | Home library | Current library | Date acquired | Total Checkouts | Full call number | Date last seen | Price effective from | Koha item type | Public note |
|---|---|---|---|---|---|---|---|---|---|---|---|---|
| Buone Condizioni | Not For Loan | CISF - Milano | CISF - Milano | 14/10/2016 | b2636-24060 [2881] | 14/10/2016 | 14/10/2016 | LIBRO | Data import 15.10.2016 / by Epidotti, Vaglietti |